000
00338nam a2200145Ia 4500
003
OSt
005
20240108115340.0
008
170524s9999 xx 000 0 und d
020
_a
9788184550849
040
_c
IIMT UNIVERSITY
100
_a
Singh- Minakshi
245
0
_a
Jansampark Prabhand
260
_b
New Delhi: Omega
942
_2
ddc
_c
01
999
_c
9424
_d
9424